Online Catalogue and eLibrary

The play of reason : (Record no. 49)

MARC details
000 -LEADER
fixed length control field 00613cam a2200205 a 4500
001 - CONTROL NUMBER
control field 3089711
005 - DATE AND TIME OF LATEST TRANSACTION
control field 20231121235335.0
008 - FIXED-LENGTH DATA ELEMENTS--GENERAL INFORMATION
fixed length control field 980804s1999 nyu b 001 0 eng
020 ## - INTERNATIONAL STANDARD BOOK NUMBER
ISBN 080143517X (cloth : alk. paper)
020 ## - INTERNATIONAL STANDARD BOOK NUMBER
ISBN 0801485169 (pbk. : alk. paper)
040 ## - CATALOGING SOURCE (பட்டியலாக்க மூலம்)
Original cataloging agency DLC
Transcribing agency DLC
Modifying agency DLC
082 00 - DDC Classification
Class No. 305.42/01
DDC Edition Number 21
100 1# - MAIN ENTRY--PERSONAL NAME
Personal name Nicholson, Linda J.
245 14 - TITLE STATEMENT
Title The play of reason :
Remainder of title from the modern to the postmodern /
Statement of responsibility, etc. Linda Nicholson.
260 ## - PUBLICATION, DISTRIBUTION, ETC.
Place of publication, distribution, etc. Ithaca, N.Y. :
Name of publisher, distributor, etc. Cornell University Press,
Date of publication, distribution, etc. 1999.
300 ## - PHYSICAL DESCRIPTION
Extent (e.g. Volumes, Pages etc.) vii, 179 p. ;
650 #0 - SUBJECT ADDED ENTRY--TOPICAL TERM
Topical term or geographic name entry element Feminist theory.
650 #0 - SUBJECT ADDED ENTRY--TOPICAL TERM
Topical term or geographic name entry element Postmodernism.
942 ## - Koha item type (Biblio)
Koha item type Books in Stacks (Lending)
Holdings
Lost status Damaged status Collection code Home library Current library Date acquired Full call number Accession Number Item type
    Lending WERC Library WERC Library 11/22/2023 305.42/01 2994 Books in Stacks (Lending)

© WERC Library